ARRUPE JESUIT UNIVERSITY

CORONAVIRUS -STOP THE SPREAD - CLEAN,DISINFECT,COVER

Walter Benjamin : (Record no. 124986)

MARC details
000 -LEADER
fixed length control field 01862cam a2200361 i 4500
001 - CONTROL NUMBER
control field 10639987
003 - CONTROL NUMBER IDENTIFIER
control field ARRUPE
005 - DATE AND TIME OF LATEST TRANSACTION
control field 20160812123348.0
008 - FIXED-LENGTH DATA ELEMENTS--GENERAL INFORMATION
fixed length control field 130426s2014 maua b 001 0beng
010 ## - LIBRARY OF CONGRESS CONTROL NUMBER
LC control number 2013012858
020 ## - INTERNATIONAL STANDARD BOOK NUMBER
International Standard Book Number 9780674051867 (hbk.)
020 ## - INTERNATIONAL STANDARD BOOK NUMBER
International Standard Book Number 0674051866 (hbk.)
024 ## - OTHER STANDARD IDENTIFIER
Standard number or code 40023179663
035 ## - SYSTEM CONTROL NUMBER
System control number (OCoLC)ocn840460696
035 ## - SYSTEM CONTROL NUMBER
System control number (OCoLC)840460696
035 ## - SYSTEM CONTROL NUMBER
System control number (NNC)10639987
040 ## - CATALOGING SOURCE
Original cataloging agency DLC
Description conventions rda
Language of cataloging eng
Transcribing agency DLC
Modifying agency IG#
-- BTCTA
-- OCLCO
-- BDX
-- ERASA
-- UKMGB
-- YDXCP
050 00 - LIBRARY OF CONGRESS CALL NUMBER
Classification number PT2603.E455
Item number Z6455 2013
082 00 - DEWEY DECIMAL CLASSIFICATION NUMBER
Classification number 838/.91209
-- B
Edition number 23
300 ## - PHYSICAL DESCRIPTION
Other physical details illustrations ;
Dimensions 25 cm.
100 1# - MAIN ENTRY--PERSONAL NAME
Personal name Eiland, Howard.
9 (RLIN) 24998
245 10 - TITLE STATEMENT
Title Walter Benjamin :
Remainder of title a critical life /
Statement of responsibility, etc Howard Eiland and Michael W. Jennings.
260 ## - PUBLICATION, DISTRIBUTION, ETC. (IMPRINT)
Place of publication, distribution, etc Cambridge
Name of publisher, distributor, etc The Belknap Press of Harvard University Press
Date of publication, distribution, etc 2014
300 ## - PHYSICAL DESCRIPTION
Extent 755 p.;
504 ## - BIBLIOGRAPHY, ETC. NOTE
Bibliography, etc Includes bibliographical references (pages 719-733) and index.
505 0# - FORMATTED CONTENTS NOTE
Formatted contents note A Berlin childhood: 1892-1912 -- Metaphysics of youth: Berlin and Freiburg, 1912-1914 -- The concept of criticism: Berlin, Munich, and Bern, 1915-1919 -- Elective affinities: Berlin and Heidelberg, 1920-1922 -- Academic nomad: Frankfurt, Berlin, and Capri, 1923-1925 -- Weimar intellectual: Berlin and Moscow, 1925-1928 -- The destructive character: Berlin, Paris, and Ibiza, 1929-1932 -- Exile: Paris and Ibiza, 1933-1934 -- The Parisian arcades: Paris, San Remo, and Skovsbostrand, 1935-1937 -- Baudelaire and the streets of Paris: Paris, San Remo, and Skovsbostrand, 1938-1939 -- The angel of history: Paris, Nevers, Marseilles, and Port Bou, 1939-1940.
600 10 - SUBJECT ADDED ENTRY--PERSONAL NAME
Personal name Benjamin, Walter,
Dates associated with a name 1892-1940.
9 (RLIN) 24999
650 #0 - SUBJECT ADDED ENTRY--TOPICAL TERM
Topical term or geographic name as entry element Authors, German
Chronological subdivision 20th century
Form subdivision Biography.
9 (RLIN) 25000
700 1# - ADDED ENTRY--PERSONAL NAME
Personal name Jennings, Michael William.
9 (RLIN) 25001
942 ## - ADDED ENTRY ELEMENTS (KOHA)
Source of classification or shelving scheme Library of Congress Classification
Koha item type Monograph ( Printed materials)
948 1# - LOCAL PROCESSING INFORMATION (OCLC); SERIES PART DESIGNATOR (RLIN)
Series part designator, SPT (RLIN) 20140203
b (OCLC) c
c (OCLC) ybp21
d (OCLC) MPS
949 ## - LOCAL PROCESSING INFORMATION (OCLC)
i 0073169129
Holdings
Withdrawn status Lost status Source of classification or shelving scheme Damaged status Not for loan Collection code Home library Current library Shelving location Date acquired Total Checkouts Full call number Barcode Date last seen Price effective from Koha item type
    Library of Congress Classification     Main Collection ARRUPE LIBRARY ARRUPE LIBRARY Main Collection 12/08/2016   PT2603.E455 Z6455 2013 46500008328 02/07/2019 12/08/2016 Monograph ( Printed materials)

 

Arrupe Library. PO Box MP320 Mt Pleasant, Harare, Zimbabwe
263 242 745411|librarian@aju.ac.zw